00757nam a2200241 a 4500001001300000003000900013005001700022008004100039020001200080082002000092100001700112245006900129260004300198300000900241500003500250505003400285650003000319700001700349902000800366942000700374952011900381999001500500nice12345678IN_TiNIC20260116013054.0050524s1997 lona grp 000 0 eng  ac15.9900a305.420917bSIZ aSizoo, Edith aWomen`lifeworldsb Women`s Narratives on Shaping Their Realities aLondon bRoutledge Chapman Hall c1997 a254p aincludes index and biblioraphy2 aAppendix, Bibliography, Index aWomen-Developing Countrie1 aSizoo, Edith bSRS cBK 001040708StackRoom-aHMIbHMId2007-03-23g15.99l0o305.420917 SIZp018113r2007-03-23v15.99w2005-05-24yBK c9532d9532